000 00243nam a2200109Ia 4500
008 190216s9999||||xx |||||||||||||| ||und||
100 _aVilasini
245 0 _aAvakashikal Vol I Ii Iii Iv
260 _bDc Books
650 _aNovel
942 _cBK
999 _c26077
_d26077